banner-ar

الحياة تدافع ام تصارع : (Record no. 62592)

MARC details
000 -الفاتح
حقل البيانات ثابتة الطول 00848nam a22002177a 4500
005 - وقت وتاريخ اخر تعامل مع التسجيلة
رقم الضبط 20240530110557.0
008 - عناصر البيانات ثابتة الطول - معلومات عامة
حقل البيانات ثابتة الطول 160317s2012 su g 000 0 ara d
017 ## - رقم الايداع القانونى
رقم الايداع القانونى 1433/5334
المصدر ( الهيئة المختصة) السعودية . مكتبة الملك فهد الوطنية
020 ## - الرقم الدولى المعيارى للكتب
الرقم الدولى المعيارى للكتاب 9786035032206
040 ## - مصدر الفهرسة
وكالة الفهرسة الأصلية EG-CaGPL
082 04 - رقم تصنيف ديوى العشرى
رقم الطبعة 21
رقم التصنيف 214.3\
رقم المادة ن ح
100 0# - المدخل الرئيسى - إسم شخصى
الإسم الشخصى نعمان عبدالرزاق السامرائى
245 12 - بيان العنوان
العنوان الحياة تدافع ام تصارع :
بقية العنوان ( الحق و الباطل ) /
بيان المسئوليه,etc نعمان عبدالرزاق السامرائى
250 ## - بيان الطبعة
بيان الطبعة ط1
260 ## - PUBLICATION, DISTRIBUTION, ETC. (IMPRINT)
تاريخ النشر أو التوزيع 2012 .
300 ## - الوصف المادى
التعداد 368 ص ؛
أبعاد الوعاء 19 سم .
650 04 - المدخل الاضافى بالموضوع-مصطلح موضوعى
مصطلح موضوعي الاسلام
التقسيم الفرعي العام مقالات و محاضرات
650 04 - المدخل الاضافى بالموضوع-مصطلح موضوعى
مصطلح موضوعي الاسلام و المجتمع
942 ## - عناصر المدخل الإضافي( كوها)
مصدر التصنيف او مخطط الترفيف Dewey Decimal Classification
Koha [default] item type كتاب
260 ## - PUBLICATION, DISTRIBUTION, ETC. (IMPRINT)
-- السعودية :
-- العبيكان للنشر ،
Holdings
حالة التراجع حالة الفقد حالة تلف ليس للاعارة المكان المؤقت الموقع الحالى تاريخ الاكتساب اجمالي اﻻعارات رقم الطلب الباركود تاريخ اخر مشاهدة تاريخ تفعيل السعر نوع وعاء كوها
        مكتبة القاهرة الكبرى مكتبة القاهرة الكبرى 08/31/2016   214.3\ ن ح 162364 08/31/2016 08/31/2016 كتاب

Powered By

EGPV